|
|
|
|
| LEADER |
00000nas1a2200000 4500 |
| 001 |
380265 |
| 005 |
20231101062645.0 |
| 011 |
|
|
|a 0131-1328
|
| 035 |
|
|
|a (RuTPU)RU\TPU\prd\1079
|
| 035 |
|
|
|a PERI00001080
|
| 090 |
|
|
|a 380265
|
| 100 |
|
|
|a 20011210c1959 k y0rusy50 ca
|
| 101 |
0 |
|
|a rus
|
| 102 |
|
|
|a RU
|
| 110 |
|
|
|a agaz uu0
|
| 200 |
1 |
|
|a Энергетическое строительство за рубежом
|e приложение к сборнику "Энергетическое строительство"
|f СССР, Министерство энергетики и электрификации (Минэнерго)
|
| 210 |
|
|
|a М.
|c Энергоатомиздат
|d 1956-1963, 1965-1995
|
| 305 |
|
|
|a Издается с 1959 г.
|
| 326 |
|
|
|a 6 номеров в год
|
| 422 |
|
1 |
|0 (RuTPU)RU\TPU\prd\457
|x 0367-1161
|t Энергетическое строительство
|o научно-практический журнал
|f Российская Федерация, Министерство топлива и энергетики (Минтопэнерго)
|c М.
|d 1956-1963, 1965-1995
|
| 610 |
1 |
|
|a энергетика
|
| 610 |
1 |
|
|a электростанции
|
| 610 |
1 |
|
|a линии электропередачи
|
| 610 |
1 |
|
|a тепловые электростанции
|
| 610 |
1 |
|
|a атомные электростанции
|
| 610 |
1 |
|
|a строительство
|
| 675 |
|
|
|a 620.9:69
|v 3
|
| 712 |
0 |
1 |
|a СССР
|b Министерство энергетики и электрификации (Минэнерго)
|2 stltpush
|3 (RuTPU)RU\TPU\col\11259
|
| 801 |
|
0 |
|a RU
|b 63413507
|c 20011210
|g PSBO
|
| 801 |
|
2 |
|a RU
|b 63413507
|c 20121107
|g RCR
|
| 942 |
|
|
|c CR
|